| 000 | 00643nam a22001337a 4500 | ||
|---|---|---|---|
| 040 | _cRUA | ||
| 082 | _aVEM HOR 2015 B534 Or.1 | ||
| 100 | _aHOR VIBOL; ហោ វិបុល | ||
| 245 | _aSurvey on new castle and fowl pox diseases of local chicken in samrong district, takeo province; ការអង្កេតទៅលើជំងឺញ៉ូវកាស និងអុតមាន់ដែលជួបប្រទះលើមានស្រុក ក្នុងស្រុកសំរោង ខេត្តតាកែវ | ||
| 260 |
_aPhnom Penh _bRUA _c2015 |
||
| 300 |
_axi; 38p; _bill; _c29cm; |
||
| 856 | _uHOR VIBOL | ||
| 942 | _cVEM | ||
| 999 |
_c10880 _d10880 |
||